[Event "elllobregat Open-A 2019"]
[Site "El Prat de Llobregat"]
[Date "2019.12.04"]
[Round "2.7"]
[White "Baenziger, Fabian"]
[Black "Harsha Bharathakoti"]
[Result "1/2-1/2"]
[WhiteElo "2398"]
[BlackElo "2523"]
[Annotator "ChessBase"]
[PlyCount "60"]
[EventDate "2019.12.03"]
[EventType "swiss"]
[EventCountry "ESP"]
[SourceTitle "playchess.com"]
[Source "ChessBase"]
[SourceQuality "1"]
[TimeControl "40/5400+30:1800+30"]

1. d4 {[%emt 0:00:00]} d5 {[%emt 0:00:01]} 2. c4 {[%emt 0:00:00]} e6 {[%emt 0:00:06]} 3. Nf3 {[%emt 0:00:33]} Nf6 {[%emt 0:00:31]} 4. g3 {[%emt 0:00:38]} Bb4+ {[%emt 0:01:42]} 5. Bd2 {[%emt 0:00:15]} Be7 {[%emt 0:00:06]} 6. Bg2 {[%emt 0:00:27]} O-O {[%emt 0:00:10]} 7. O-O {[%emt 0:00:07]} Nbd7 {[%emt 0:00:11]} 8. Qc2 {[%emt 0:02:02]} Ne4 {[%emt 0:02:44]} 9. Nc3 {[%emt 0:00:43]} Nxd2 {[%emt 0:00:07]} 10. Nxd2 {[%emt 0:00:07]} c6 {[%emt 0:00:07]} 11. e4 {[%emt 0:13:38]} dxe4 {[%emt 0:01:44]} 12. Ndxe4 {[%emt 0:00:28]} f5 {[%emt 0:01:08]} 13. Nd2 {[%emt 0:00:34]} e5 {[%emt 0:01:15]} 14. dxe5 Nxe5 {[%emt 0:03:28]} 15. Rad1 {[%emt 0:06:17]} Qc7 {[%emt 0:03:07]} 16. Nf3 {[%emt 0:07:08]} Nxf3+ {[%emt 0:06:19]} 17. Bxf3 {[%emt 0:03:16]} Bf6 {[%emt 0:02:03]} 18. Rfe1 {[%emt 0:03:25]} Bd7 {[%emt 0:04:50]} 19. Na4 {[%emt 0:06:27]} Rae8 {[%emt 0:05:20]} 20. Nc5 {[%emt 0:04:06]} Bc8 {[%emt 0:00:14]} 21. Nd3 {[%emt 0:08:36]} g6 {[%emt 0:13:08]} 22. Kg2 {[%emt 0:04:12]} Qf7 23. Rxe8 {[%emt 0:07:19]} Rxe8 {[%emt 0:16:25]} 24. Nf4 {[%emt 0:03:23]} Qe7 {[%emt 0:03:55]} 25. h4 Rd8 {[%emt 0:00:52]} 26. Rxd8+ {[%emt 0:06:47]} Qxd8 {[%emt 0:02:11]} 27. b4 {[%emt 0:00:49]} Qd4 {[%emt 0:10:22]} 28. b5 {[%emt 0:04:28]} Bd7 {[%emt 0:01:46]} 29. bxc6 {[%emt 0:02:35]} bxc6 {[%emt 0:01:56]} 30. Qa4 {[%emt 0:00:27]} Qc5 {[%emt 0:04:14]} 1/2-1/2

[Event "elllobregat Open-A 2019"]
[Site "El Prat de Llobregat"]
[Date "2019.12.04"]
[Round "2.8"]
[White "Raja Rithvik R"]
[Black "Narciso Dublan, Marc"]
[Result "1-0"]
[WhiteElo "2381"]
[BlackElo "2516"]
[Annotator "ChessBase"]
[PlyCount "67"]
[EventDate "2019.12.03"]
[EventType "swiss"]
[EventCountry "ESP"]
[SourceTitle "playchess.com"]
[Source "ChessBase"]
[SourceQuality "1"]
[TimeControl "40/5400+30:1800+30"]

1. Nf3 {[%emt 0:00:00]} d5 {[%emt 0:00:00]} 2. d4 {[%emt 0:00:00]} Nf6 {[%emt 0:00:04]} 3. c4 {[%emt 0:00:01]} c6 {[%emt 0:00:15]} 4. e3 Bf5 {[%emt 0:00:37]} 5. Nc3 {[%emt 0:00:18]} e6 {[%emt 0:00:20]} 6. Nh4 {[%emt 0:00:09]} Bg6 {[%emt 0:00:20]} 7. Be2 {[%emt 0:00:08]} Nbd7 {[%emt 0:00:24]} 8. O-O {[%emt 0:00:19]} Bd6 {[%emt 0:02:28]} 9. g3 {[%emt 0:00:06]} Qe7 {[%emt 0:02:56]} 10. Qb3 {[%emt 0:03:57]} Rb8 {[%emt 0:00:41]} 11. Re1 {[%emt 0:19:14]} Ne4 {[%emt 0:16:55]} 12. Kg2 {[%emt 0:13:01]} Nxc3 {[%emt 0:16:57]} 13. Nxg6 {[%emt 0:01:59]} hxg6 {[%emt 0:00:12]} 14. bxc3 {[%emt 0:00:05]} f5 {[%emt 0:01:59]} 15. cxd5 {[%emt 0:10:19]} exd5 {[%emt 0:00:57]} 16. c4 {[%emt 0:00:27]} Nf6 {[%emt 0:07:51]} 17. cxd5 {[%emt 0:07:50]} cxd5 18. Bf3 {[%emt 0:09:55]} Rd8 {[%emt 0:17:31]} 19. h4 {[%emt 0:10:41]} f4 {[%emt 0:12:30]} 20. e4 Bb4 {[%emt 0:12:47]} 21. Ba3 {[%emt 0:06:16]} Bxa3 {[%emt 0:01:46]} 22. exd5 {[%emt 0:00:05]} Bd6 {[%emt 0:00:12]} 23. Rxe7+ {[%emt 0:00:38]} Kxe7 {[%emt 0:00:04]} 24. Re1+ {[%emt 0:00:20]} Kf7 {[%emt 0:00:13]} 25. Qxb7+ {[%emt 0:00:44]} Rd7 {[%emt 0:00:05]} 26. Qc6 {[%emt 0:01:23]} fxg3 {[%emt 0:01:41]} 27. fxg3 {[%emt 0:00:12]} Rhd8 {[%emt 0:01:09]} 28. Re2 {[%emt 0:00:48]} Rc7 {[%emt 0:00:51]} 29. Qa6 {[%emt 0:00:10]} Rdd7 {[%emt 0:02:11]} 30. g4 {[%emt 0:02:51]} Ng8 {[%emt 0:00:32]} 31. g5 {[%emt 0:00:43]} Ne7 {[%emt 0:00:19]} 32. Bg4 {[%emt 0:01:20]} Nf5 {[%emt 0:00:15]} 33. Bxf5 {[%emt 0:00:29]} gxf5 {[%emt 0:00:04]} 34. g6+ {[%emt 0:00:02] Ke8} 1-0

[Event "elllobregat Open-A 2019"]
[Site "El Prat de Llobregat"]
[Date "2019.12.04"]
[Round "2.9"]
[White "Arizmendi Martinez, Julen Luis"]
[Black "Krishna Teja, N."]
[Result "1-0"]
[WhiteElo "2511"]
[BlackElo "2383"]
[Annotator "ChessBase"]
[PlyCount "123"]
[EventDate "2019.12.03"]
[EventType "swiss"]
[EventCountry "ESP"]
[SourceTitle "playchess.com"]
[Source "ChessBase"]
[SourceQuality "1"]
[TimeControl "40/5400+30:1800+30"]

1. e4 e5 {[%emt 0:00:00]} 2. Nf3 {[%emt 0:06:46]} Nc6 {[%emt 0:00:00]} 3. Bb5 {[%emt 0:01:20]} a6 {[%emt 0:00:00]} 4. Ba4 {[%emt 0:01:51]} Nf6 {[%emt 0:00:00]} 5. O-O {[%emt 0:00:35]} b5 {[%emt 0:01:19]} 6. Bb3 {[%emt 0:00:06]} Be7 {[%emt 0:00:05]} 7. Re1 {[%emt 0:03:55]} d6 {[%emt 0:01:29]} 8. c3 {[%emt 0:01:40]} O-O {[%emt 0:00:22]} 9. h3 {[%emt 0:01:48]} Nb8 {[%emt 0:00:24]} 10. d4 {[%emt 0:03:37]} Nbd7 {[%emt 0:00:20]} 11. c4 {[%emt 0:03:55]} c6 {[%emt 0:00:24]} 12. Qc2 {[%emt 0:16:30]} h6 {[%emt 0:19:58]} 13. Nc3 {[%emt 0:12:37]} Re8 {[%emt 0:01:11]} 14. Ne2 {[%emt 0:18:14]} Bf8 {[%emt 0:02:40]} 15. Ng3 {[%emt 0:00:59]} c5 {[%emt 0:07:10]} 16. dxe5 Nxe5 {[%emt 0:02:18]} 17. Nxe5 {[%emt 0:11:42]} dxe5 {[%emt 0:00:06]} 18. Be3 {[%emt 0:00:35]} Qc7 {[%emt 0:04:25]} 19. Rac1 b4 {[%emt 0:05:29]} 20. Ba4 {[%emt 0:01:36]} Rd8 {[%emt 0:03:52]} 21. Rcd1 {[%emt 0:01:47]} Be6 {[%emt 0:00:39]} 22. b3 Nd7 {[%emt 0:02:54]} 23. Bxd7 {[%emt 0:03:31]} Rxd7 {[%emt 0:01:17]} 24. Rxd7 {[%emt 0:00:40]} Bxd7 {[%emt 0:00:06]} 25. Nf5 {[%emt 0:04:07]} a5 {[%emt 0:01:42]} 26. Bc1 {[%emt 0:00:46]} a4 {[%emt 0:04:40]} 27. Bb2 {[%emt 0:00:20]} a3 {[%emt 0:03:29]} 28. Bc1 {[%emt 0:00:15]} Bxf5 {[%emt 0:02:30]} 29. exf5 {[%emt 0:00:04]} Rd8 {[%emt 0:00:07]} 30. Be3 {[%emt 0:04:47]} Qc6 {[%emt 0:01:57]} 31. Rd1 {[%emt 0:00:36]} Rxd1+ {[%emt 0:00:46]} 32. Qxd1 {[%emt 0:00:01]} Be7 {[%emt 0:03:10]} 33. Qd3 {[%emt 0:01:06]} e4 {[%emt 0:02:11]} 34. Qd2 {[%emt 0:00:11]} Qf6 {[%emt 0:00:49]} 35. Qd7 {[%emt 0:00:46]} h5 {[%emt 0:11:40]} 36. g3 {[%emt 0:00:31]} h4 {[%emt 0:00:07]} 37. Qe8+ {[%emt 0:00:35]} Kh7 {[%emt 0:00:01]} 38. g4 {[%emt 0:00:12]} Qd6 {[%emt 0:05:34]} 39. Kg2 {[%emt 0:00:02]} f6 {[%emt 0:03:28]} 40. Qg6+ {[%emt 0:00:00]} Kg8 {[%emt 0:00:00]} 41. Qe8+ {[%emt 0:01:19]} Kh7 {[%emt 0:01:34]} 42. Qf7 {[%emt 0:09:52]} Kh8 {[%emt 0:00:00]} 43. Qe6 {[%emt 0:10:28]} Qxe6 {[%emt 0:08:16]} 44. fxe6 {[%emt 0:00:02]} g6 {[%emt 0:00:26]} 45. f3 {[%emt 0:07:44]} f5 {[%emt 0:00:06]} 46. fxe4 fxg4 47. hxg4 {[%emt 0:00:38]} Kg7 {[%emt 0:05:19]} 48. g5 {[%emt 0:00:49]} Bd6 {[%emt 0:00:10]} 49. Kh3 {[%emt 0:00:15]} Kf8 {[%emt 0:00:32]} 50. e5 Be7 {[%emt 0:00:06]} 51. Kxh4 {[%emt 0:00:13]} Ke8 {[%emt 0:00:09]} 52. Kg4 {[%emt 0:00:32]} Kd8 {[%emt 0:00:07]} 53. Kf3 {[%emt 0:00:26]} Kc7 {[%emt 0:00:09]} 54. Ke4 {[%emt 0:00:23]} Kc6 {[%emt 0:00:06]} 55. Bf4 {[%emt 0:00:14]} Bf8 {[%emt 0:01:01]} 56. e7 {[%emt 0:01:17]} Bxe7 {[%emt 0:01:41]} 57. e6 Bd8 {[%emt 0:00:28]} 58. Ke5 {[%emt 0:00:47]} Be7 {[%emt 0:01:58]} 59. Be3 {[%emt 0:00:33]} Bd8 {[%emt 0:01:15]} 60. e7 Bxe7 61. Ke6 {[%emt 0:00:24]} Bd8 {[%emt 0:00:56]} 62. Kf7 {[%emt 0:01:19] Kd5} 1-0

[Event "elllobregat Open-A 2019"]
[Site "El Prat de Llobregat"]
[Date "2019.12.04"]
[Round "2.10"]
[White "Sankalp Gupta"]
[Black "Del Rio De Angelis, Salvador G."]
[Result "1/2-1/2"]
[WhiteElo "2365"]
[BlackElo "2507"]
[Annotator "ChessBase"]
[PlyCount "55"]
[EventDate "2019.12.03"]
[EventType "swiss"]
[EventCountry "ESP"]
[SourceTitle "playchess.com"]
[Source "ChessBase"]
[SourceQuality "1"]
[TimeControl "40/5400+30:1800+30"]

1. d4 {[%emt 0:00:00]} e6 {[%emt 0:00:04]} 2. e4 {[%emt 0:00:00]} d5 {[%emt 0:00:22]} 3. Nd2 {[%emt 0:00:00]} c5 {[%emt 0:00:24]} 4. exd5 {[%emt 0:00:00]} exd5 {[%emt 0:00:09]} 5. Ngf3 {[%emt 0:00:07]} a6 {[%emt 0:01:19]} 6. Qe2+ {[%emt 0:01:36]} Be7 {[%emt 0:02:07]} 7. dxc5 {[%emt 0:02:00]} Nf6 {[%emt 0:00:38]} 8. Nb3 {[%emt 0:00:31]} O-O {[%emt 0:00:08]} 9. Be3 {[%emt 0:07:39]} a5 {[%emt 0:01:34]} 10. a4 {[%emt 0:08:04]} Re8 {[%emt 0:00:38]} 11. Qd1 {[%emt 0:14:06]} Ng4 {[%emt 0:01:28]} 12. Bb5 {[%emt 0:03:45]} Nxe3 {[%emt 0:00:11]} 13. fxe3 {[%emt 0:00:02]} Nc6 {[%emt 0:00:05]} 14. O-O {[%emt 0:00:36]} Bf6 {[%emt 0:00:28]} 15. Nfd4 {[%emt 0:02:47]} Bd7 {[%emt 0:04:52]} 16. Qf3 {[%emt 0:00:29]} Re5 {[%emt 0:00:31]} 17. c3 {[%emt 0:17:53]} Qe7 {[%emt 0:02:08]} 18. Rae1 {[%emt 0:03:32]} h5 {[%emt 0:04:09]} 19. h3 {[%emt 0:01:05]} h4 {[%emt 0:01:38]} 20. Re2 {[%emt 0:01:57]} Re8 {[%emt 0:02:34]} 21. Rfe1 Bg5 {[%emt 0:11:07]} 22. Kh1 {[%emt 0:00:44]} Bh6 {[%emt 0:00:28]} 23. Kh2 g6 {[%emt 0:16:33]} 24. Kh1 {[%emt 0:06:01]} Bg7 {[%emt 0:02:14]} 25. Bd3 Rg5 {[%emt 0:07:16]} 26. Bb5 {[%emt 0:07:08]} Re5 {[%emt 0:01:09]} 27. Bd3 {[%emt 0:01:51]} Rg5 {[%emt 0:00:07]} 28. Bb5 {[%emt 0:00:02]} 1/2-1/2

[Event "elllobregat Open-A 2019"]
[Site "El Prat de Llobregat"]
[Date "2019.12.04"]
[Round "2.11"]
[White "Girish, A. Koushik"]
[Black "Minero Pineda, Sergio"]
[Result "1/2-1/2"]
[WhiteElo "2506"]
[BlackElo "2381"]
[Annotator "ChessBase"]
[PlyCount "69"]
[EventDate "2019.12.03"]
[EventType "swiss"]
[EventCountry "ESP"]
[SourceTitle "playchess.com"]
[Source "ChessBase"]
[SourceQuality "1"]
[TimeControl "40/5400+30:1800+30"]

1. d4 Nf6 {[%emt 0:00:00]} 2. c4 e6 3. Nf3 Bb4+ 4. Nbd2 {[%emt 0:00:27]} O-O {[%emt 0:04:14]} 5. a3 {[%emt 0:00:07]} Be7 {[%emt 0:00:13]} 6. e4 {[%emt 0:00:12]} d6 {[%emt 0:00:04]} 7. Bd3 Nbd7 8. O-O c5 {[%emt 0:00:00]} 9. b4 {[%emt 0:10:52]} cxd4 {[%emt 0:22:49]} 10. Nxd4 {[%emt 0:00:36]} a6 {[%emt 0:00:07]} 11. Bb2 {[%emt 0:00:32]} Qc7 {[%emt 0:00:35]} 12. Rc1 {[%emt 0:02:20]} b6 {[%emt 0:00:30]} 13. Qe2 {[%emt 0:07:09]} Bb7 {[%emt 0:00:15]} 14. f4 {[%emt 0:00:01]} Rfe8 {[%emt 0:03:29]} 15. Nxe6 {[%emt 0:29:36]} fxe6 {[%emt 0:00:14]} 16. e5 {[%emt 0:10:00]} Kh8 {[%emt 0:16:19]} 17. exf6 Bxf6 {[%emt 0:00:30]} 18. Nf3 {[%emt 0:01:00]} Bxb2 {[%emt 0:09:49]} 19. Qxb2 {[%emt 0:00:06]} Bxf3 {[%emt 0:09:56]} 20. Rxf3 e5 21. Be4 {[%emt 0:02:32]} Rad8 {[%emt 0:00:16]} 22. fxe5 {[%emt 0:02:16]} Rxe5 {[%emt 0:00:30]} 23. Rf7 {[%emt 0:05:39]} Rf8 {[%emt 0:13:06]} 24. Rcf1 {[%emt 0:08:33]} Rxf7 {[%emt 0:00:30]} 25. Rxf7 {[%emt 0:00:30]} Qd8 {[%emt 0:00:30]} 26. h3 {[%emt 0:00:30]} Nf6 {[%emt 0:06:52]} 27. Bf3 {[%emt 0:10:40]} Qe8 {[%emt 0:04:41]} 28. Ra7 {[%emt 0:02:38]} Re1+ {[%emt 0:00:29]} 29. Kh2 {[%emt 0:00:08]} Qe3 {[%emt 0:00:28]} 30. Ra8+ {[%emt 0:01:20]} Ne8 {[%emt 0:00:11]} 31. Bc6 {[%emt 0:03:21]} Qg1+ {[%emt 0:00:33]} 32. Kg3 {[%emt 0:00:05]} Qe3+ {[%emt 0:01:00]} 33. Kh2 {[%emt 0:02:32]} Qg1+ {[%emt 0:00:12]} 34. Kg3 {[%emt 0:00:07]} Qe3+ {[%emt 0:00:13]} 35. Kh2 {[%emt 0:00:36]} 1/2-1/2

[Event "elllobregat Open-A 2019"]
[Site "El Prat de Llobregat"]
[Date "2019.12.04"]
[Round "2.12"]
[White "Sidhant, Mohapatra"]
[Black "Asis Gargatagli, Hipolito"]
[Result "1/2-1/2"]
[WhiteElo "2338"]
[BlackElo "2497"]
[Annotator "ChessBase"]
[PlyCount "40"]
[EventDate "2019.12.03"]
[EventType "swiss"]
[EventCountry "ESP"]
[SourceTitle "playchess.com"]
[Source "ChessBase"]
[SourceQuality "1"]
[TimeControl "40/5400+30:1800+30"]

1. e4 {[%emt 0:00:00]} c6 {[%emt 0:02:24]} 2. d4 {[%emt 0:00:39]} d5 {[%emt 0:00:09]} 3. exd5 cxd5 {[%emt 0:00:06]} 4. c4 {[%emt 0:01:10]} Nf6 {[%emt 0:00:32]} 5. Nc3 {[%emt 0:00:08]} Nc6 {[%emt 0:02:02]} 6. Bg5 {[%emt 0:00:41]} Be6 {[%emt 0:01:27]} 7. Be2 {[%emt 0:00:27]} Qa5 {[%emt 0:01:42]} 8. Bf3 {[%emt 0:02:42]} O-O-O {[%emt 0:30:42]} 9. Bxf6 {[%emt 0:17:30]} exf6 {[%emt 0:19:53]} 10. cxd5 {[%emt 0:02:51]} Bxd5 {[%emt 0:00:07]} 11. Bxd5 {[%emt 0:00:48]} Rxd5 {[%emt 0:00:06]} 12. Nge2 {[%emt 0:00:08]} Rd7 {[%emt 0:14:12]} 13. O-O {[%emt 0:02:21]} Bd6 {[%emt 0:00:15]} 14. d5 {[%emt 0:01:43]} Ne7 {[%emt 0:03:49]} 15. a3 {[%emt 0:04:06]} Kb8 {[%emt 0:00:41]} 16. b4 {[%emt 0:00:20]} Qa6 {[%emt 0:00:12]} 17. Qb3 {[%emt 0:05:21]} Rc8 {[%emt 0:02:21]} 18. Rfd1 {[%emt 0:00:51]} f5 {[%emt 0:01:05]} 19. Rac1 {[%emt 0:04:54]} Rdd8 20. g3 {[%emt 0:02:41]} h5 {[%emt 0:10:40]} 1/2-1/2

[Event "elllobregat Open-A 2019"]
[Site "El Prat de Llobregat"]
[Date "2019.12.04"]
[Round "2.13"]
[White "Iniyan, P."]
[Black "Suarez Uriel, Adrian"]
[Result "1-0"]
[WhiteElo "2497"]
[BlackElo "2381"]
[Annotator "TA"]
[PlyCount "27"]
[EventDate "2019.12.03"]
[EventType "swiss"]
[EventCountry "ESP"]
[SourceTitle "playchess.com"]
[Source "ChessBase"]
[SourceQuality "1"]

{[%evp 9,27,12,56,58,71,52,45,52,53,-3,0,0,0,0,-4,-35,74,66,1214,1216]} 1. d4 Nf6 2. c4 b6 3. Nc3 Bb7 4. Qc2 d5 5. Nf3 (5. cxd5 Nxd5 6. Nf3 g6 7. e4 Nxc3 8. bxc3 Bg7 9. Bb5+ Nd7 10. O-O O-O 11. Rd1 c6 12. Be2 Qc7 13. Bg5 c5 14. Bxe7 {0-1 (32) So,W (2754)-Mamedyarov,S (2774) Stavanger 2019}) 5... g6 6. Bg5 {A50: Queen's Fianchetto Defence (1 d4 Nf6 2 c4 b6)} Ne4 7. cxd5 $146 ({Predecessor:} 7. Bf4 Nxc3 8. bxc3 Bg7 9. cxd5 Qxd5 10. e3 O-O 11. Be2 Nd7 12. Qb3 Qa5 {0-1 (53) Bogaudinov,R (2129)-Suleymenov,A (2404) Moscow 2019}) 7... Nxg5 8. Nxg5 {White is slightly better.} e6 9. Qc1 ({White should play} 9. h4 $14 exd5 10. e4) 9... Be7 10. h4 exd5 11. Qf4 $36 {[%mdl 2048] White is more active.} O-O 12. e3 {Hoping for Nxh7.} c5 {[#]} (12... Bd6 $15 {keeps the upper hand.} 13. Qf3 c6) 13. Nxh7 $1 $16 {[%mdl 512]} cxd4 $2 {[%mdl 8192] [#]} (13... Kxh7 $14 14. h5 g5 15. Qf5+ Kh6) 14. Qh6 $1 1-0

[Event "elllobregat Open-A 2019"]
[Site "El Prat de Llobregat"]
[Date "2019.12.04"]
[Round "2.14"]
[White "Divya Deshmukh"]
[Black "Zanan, Evgeny"]
[Result "0-1"]
[WhiteElo "2332"]
[BlackElo "2493"]
[Annotator "ChessBase"]
[PlyCount "128"]
[EventDate "2019.12.03"]
[EventType "swiss"]
[EventCountry "ESP"]
[SourceTitle "playchess.com"]
[Source "ChessBase"]
[SourceQuality "1"]
[TimeControl "40/5400+30:1800+30"]

1. e4 e5 {[%emt 0:00:00]} 2. Nf3 {[%emt 0:03:44]} Nc6 {[%emt 0:00:00]} 3. Bb5 {[%emt 0:00:02]} a6 {[%emt 0:00:00]} 4. Ba4 {[%emt 0:00:04]} Nf6 {[%emt 0:00:00]} 5. O-O {[%emt 0:00:06]} Be7 {[%emt 0:00:00]} 6. Re1 {[%emt 0:00:20]} b5 {[%emt 0:00:02]} 7. Bb3 {[%emt 0:00:01]} d6 {[%emt 0:00:06]} 8. c3 {[%emt 0:00:07]} O-O {[%emt 0:00:06]} 9. h3 {[%emt 0:00:23]} Bb7 {[%emt 0:00:06]} 10. d4 {[%emt 0:01:25]} Re8 {[%emt 0:00:06]} 11. Ng5 {[%emt 0:06:40]} Rf8 {[%emt 0:00:15]} 12. Nf3 {[%emt 0:00:03]} h6 {[%emt 0:00:07]} 13. Nbd2 {[%emt 0:01:56]} Re8 {[%emt 0:00:25]} 14. Nf1 {[%emt 0:03:08]} Bf8 {[%emt 0:00:24]} 15. Ng3 {[%emt 0:00:49]} Na5 {[%emt 0:08:14]} 16. Bc2 {[%emt 0:03:03]} Nc4 {[%emt 0:00:49]} 17. b3 {[%emt 0:05:17]} Nb6 {[%emt 0:01:48]} 18. Ba3 {[%emt 0:05:21]} a5 {[%emt 0:07:33]} 19. Qd2 {[%emt 0:07:37]} c5 {[%emt 0:12:03]} 20. dxe5 {[%emt 0:15:31]} dxe5 {[%emt 0:00:19]} 21. Qxd8 {[%emt 0:00:49]} Raxd8 {[%emt 0:00:53]} 22. Rad1 {[%emt 0:01:02]} Rc8 {[%emt 0:01:24]} 23. Rd2 {[%emt 0:11:48]} b4 {[%emt 0:05:54]} 24. cxb4 c4 {[%emt 0:01:49]} 25. Rdd1 {[%emt 0:10:51]} axb4 {[%emt 0:01:41]} 26. Bc1 {[%emt 0:00:26]} c3 {[%emt 0:00:37]} 27. Be3 {[%emt 0:03:40]} Nbd7 {[%emt 0:02:09]} 28. Bd3 Nc5 {[%emt 0:02:25]} 29. Bxc5 {[%emt 0:02:09]} Bxc5 {[%emt 0:03:14]} 30. Bc4 {[%emt 0:02:05]} g6 {[%emt 0:04:07]} 31. Re2 {[%emt 0:03:31]} Ra8 {[%emt 0:05:10]} 32. Ne1 {[%emt 0:01:33]} Ba6 {[%emt 0:00:56]} 33. Bxa6 Rxa6 {[%emt 0:03:46]} 34. Kf1 {[%emt 0:08:31]} h5 {[%emt 0:04:40]} 35. h4 {[%emt 0:01:10]} Rea8 {[%emt 0:00:52]} 36. Nd3 {[%emt 0:02:49]} Rd6 {[%emt 0:00:34]} 37. Rc2 {[%emt 0:00:17]} Rad8 {[%emt 0:03:28]} 38. Ke2 {[%emt 0:00:07]} Ng4 {[%emt 0:00:52]} 39. Nf1 {[%emt 0:01:14]} f5 {[%emt 0:02:30]} 40. Rcc1 {[%emt 0:00:00]} Rxd3 {[%emt 0:00:00]} 41. Rxd3 {[%emt 0:00:46]} Rxd3 {[%emt 0:29:44]} 42. Kxd3 {[%emt 0:00:06]} Nxf2+ {[%emt 0:00:02]} 43. Kc2 {[%emt 0:05:38]} Nxe4 {[%emt 0:00:36]} 44. Nh2 {[%emt 0:06:30]} Nf2 {[%emt 0:12:39]} 45. Nf3 {[%emt 0:02:58]} Ng4 {[%emt 0:00:10]} 46. a4 {[%emt 0:03:13]} e4 47. Ng5 {[%emt 0:01:47]} Ne3+ {[%emt 0:03:11]} 48. Kb1 {[%emt 0:00:04]} Nxg2 {[%emt 0:00:11]} 49. Ne6 {[%emt 0:02:57]} Bb6 {[%emt 0:00:44]} 50. Rc2 {[%emt 0:01:15]} Nxh4 {[%emt 0:08:04]} 51. Ra2 {[%emt 0:02:05]} Nf3 {[%emt 0:01:52]} 52. a5 Ba7 {[%emt 0:01:03]} 53. Rg2 {[%emt 0:01:46]} Kf7 {[%emt 0:02:50]} 54. Nd8+ {[%emt 0:00:13]} Kf6 {[%emt 0:00:04]} 55. Nc6 {[%emt 0:00:26]} Bc5 {[%emt 0:00:00]} 56. a6 {[%emt 0:00:13]} h4 57. Nxb4 h3 {[%emt 0:00:24]} 58. Rg3 {[%emt 0:01:43]} h2 {[%emt 0:00:29]} 59. Rh3 {[%emt 0:00:03]} g5 60. Nd5+ {[%emt 0:02:42]} Ke5 {[%emt 0:04:38]} 61. b4 {[%emt 0:00:07]} Bf2 {[%emt 0:01:44]} 62. Ne7 {[%emt 0:01:33]} g4 {[%emt 0:00:32]} 63. Nc6+ {[%emt 0:05:21]} Kf4 {[%emt 0:00:39]} 64. a7 Bxa7 {[%emt 0:00:26]} 0-1

[Event "elllobregat Open-A 2019"]
[Site "El Prat de Llobregat"]
[Date "2019.12.04"]
[Round "2.15"]
[White "Erenberg, Ariel"]
[Black "Jerez Perez, Alfonso"]
[Result "1/2-1/2"]
[WhiteElo "2479"]
[BlackElo "2369"]
[Annotator "ChessBase"]
[PlyCount "102"]
[EventDate "2019.12.03"]
[EventType "swiss"]
[EventCountry "ESP"]
[SourceTitle "playchess.com"]
[Source "ChessBase"]
[SourceQuality "1"]
[TimeControl "40/5400+30:1800+30"]

1. Nf3 {[%emt 0:00:00]} Nf6 {[%emt 0:00:00]} 2. c4 {[%emt 0:00:00]} g6 {[%emt 0:00:04]} 3. Nc3 {[%emt 0:00:00]} d5 {[%emt 0:01:34]} 4. cxd5 Nxd5 {[%emt 0:00:03]} 5. h4 {[%emt 0:00:23]} h6 {[%emt 0:01:37]} 6. e4 {[%emt 0:01:24]} Nb6 {[%emt 0:02:09]} 7. d4 Bg7 {[%emt 0:00:07]} 8. Be3 {[%emt 0:01:49]} Bg4 {[%emt 0:01:02]} 9. Be2 {[%emt 0:03:52]} O-O {[%emt 0:05:52]} 10. Qd2 {[%emt 0:13:01]} h5 {[%emt 0:07:25]} 11. O-O-O {[%emt 0:12:33]} Nc6 {[%emt 0:10:52]} 12. d5 {[%emt 0:09:15]} Na5 {[%emt 0:12:21]} 13. Bd4 {[%emt 0:00:34]} Nac4 {[%emt 0:04:55]} 14. Bxc4 {[%emt 0:06:22]} Nxc4 {[%emt 0:02:02]} 15. Qd3 {[%emt 0:00:04]} e5 {[%emt 0:12:21]} 16. dxe6 {[%emt 0:02:54]} Bxe6 {[%emt 0:00:12]} 17. Ng5 {[%emt 0:03:53]} Qxd4 {[%emt 0:03:13]} 18. Qxd4 {[%emt 0:00:23]} Bxd4 {[%emt 0:00:08]} 19. Rxd4 {[%emt 0:00:07]} c5 {[%emt 0:00:54]} 20. Rd3 {[%emt 0:08:29]} Ne5 {[%emt 0:00:38]} 21. Rd6 c4 {[%emt 0:12:15]} 22. f3 {[%emt 0:03:21]} Rfd8 {[%emt 0:01:15]} 23. Rxd8+ {[%emt 0:04:12]} Rxd8 {[%emt 0:00:09]} 24. Nxe6 {[%emt 0:00:32]} fxe6 {[%emt 0:00:05]} 25. Rd1 {[%emt 0:00:34]} Nd3+ {[%emt 0:02:51]} 26. Kb1 {[%emt 0:01:04]} b5 {[%emt 0:05:18]} 27. Ne2 {[%emt 0:04:06]} Kf7 {[%emt 0:00:30]} 28. Nf4 {[%emt 0:03:32]} Rd7 {[%emt 0:03:29]} 29. Nxd3 {[%emt 0:06:57]} cxd3 {[%emt 0:00:09]} 30. e5 g5 {[%emt 0:01:02]} 31. hxg5 {[%emt 0:05:48]} Kg6 {[%emt 0:00:02]} 32. f4 {[%emt 0:02:58]} Kf5 {[%emt 0:00:06]} 33. g3 {[%emt 0:03:38]} Ke4 {[%emt 0:01:03]} 34. g6 Rg7 {[%emt 0:04:17]} 35. Re1+ {[%emt 0:02:58]} Kd4 {[%emt 0:01:56]} 36. Kc1 {[%emt 0:01:25]} Rxg6 {[%emt 0:00:17]} 37. f5 {[%emt 0:01:00]} Rxg3 {[%emt 0:01:08]} 38. fxe6 {[%emt 0:00:08]} Rg6 {[%emt 0:00:45]} 39. e7 Re6 {[%emt 0:00:41]} 40. Kd2 {[%emt 0:00:00]} Rxe7 41. e6 {[%emt 0:01:16]} a6 {[%emt 0:05:53]} 42. Re3 {[%emt 0:02:35]} Kd5 {[%emt 0:00:11]} 43. Rh3 {[%emt 0:00:37]} Rxe6 {[%emt 0:00:12]} 44. Rxh5+ {[%emt 0:00:07]} Kd4 {[%emt 0:00:07]} 45. Rh4+ {[%emt 0:00:50]} Re4 {[%emt 0:00:07]} 46. Rh2 {[%emt 0:01:27]} a5 {[%emt 0:00:10]} 47. Rf2 {[%emt 0:00:54]} a4 {[%emt 0:00:30]} 48. Rh2 {[%emt 0:00:39]} b4 {[%emt 0:00:34]} 49. Rf2 {[%emt 0:00:45]} a3 {[%emt 0:03:35]} 50. bxa3 {[%emt 0:02:27]} bxa3 {[%emt 0:00:09]} 51. Rh2 {[%emt 0:00:15]} Re2+ {[%emt 0:00:37]} 1/2-1/2